000 01436cam a22003737a 4500
003 CHAP
005 20220329142154.0
008 000127d1999 mx a r 00110 spa d
010 _a79546
011 _a80518
035 _a90969
040 _cCHAP
090 _aTesis
100 0 0 _aRodríguez Ordaz, Margarita Hilaria.
_998752
245 1 0 _aNemátodos fitoparásitos asociados a Solanum cardiophyllum Lindl. en sitios del Edo. de México y Puebla
_c/por Margarita Hilaria Rodríguez Ordaz
260 _aChapingo, Méx. :
_bEl autor,
_c1999.
300 _a58 h. :
_bilus. ; gráfs.
502 _aTesis (Ing. Agr. Esp. en Parasitología Agrícola) -- UACH. Departamento de Parasitología Agrícola
590 _aALEPH
_b10
_c20130110
_lUCH01
_h1432
590 _aBATCH-UPD
_b10
_c20130110
_lUCH01
_h0428
590 _aBATCH-UPD
_b10
_c20130110
_lUCH01
_h2355
590 _aBATCH-UPD
_b10
_c20130410
_lUCH01
_h0104
590 _aBATCH-UPD
_b10
_c20130914
_lUCH01
_h1900
590 _aCONVERSION
_b10
_c20130109
_lUCH01
_h1344
650 1 4 _aPapita guera
_xEnfermedades por nemátodos.
_985410
650 1 4 _aPapita guera
_xMéxico (Edo.)
_985413
650 1 4 _aPapita guera
_xPuebla.
_985415
901 _aBK
905 _aLilia Sánchez G.
942 _cFOLL
949 _bBC
_cTES
_d33724000748075
_eTS2
_fc.2
_h34933
_i90969
_si
949 _bBC
_cTES
_d33724000762159
_eTS2
_fc.3
_h35935
_i90969
_si
949 _bBC
_cTES
_d909691
_eTS1
_h34932
_i90969
_sb
999 _c79546
_d79546